MARC

Tag First Indicator Second Indicator Subfields
LEADER 00000cam a2200000Ia 4500
001 in00004507213
005 20191204153138.0
008 070626s2007 ne a b 101 0 eng d
010 |a  2007930109 
020 |a 9781586037444 
020 |a 1586037447 
029 1 |a OHX  |b har075016147 
035 |a (OCoLC)ocn156818947 
035 |a (OCoLC)156818947 
035 |z (UtOrBLW)45410 
035 |a 65551 
040 |a BTCTA  |c BTCTA  |d BAKER  |d OHX  |d YDXCP  |d TXA  |d DLC  |d TMV  |d UtOrBLW 
049 |a TMVM  |c 1 
050 0 0 |a RA648  |b .N385 2006 
060 4 |a WA 295  |b N279s 2007 
082 0 0 |a 363.325/3  |2 22 
111 2 |a NATO Advanced Study Institute on Strengthening National Public Health Preparedness and Response for Chemical, Biological and Radiological Agents Threats  |d (2006 :  |c Skopje, Republic of Macedonia) 
245 1 0 |a Strengthening national public health preparedness and response to chemical, biological and radiological agent threats /  |c edited by C.E. Cummings and E. Stikova. 
264 1 |a Amsterdam, Netherlands :  |a Washington, DC :  |b IOS Press,  |c [2007] 
264 4 |c ©2007 
300 |a xvii, 175 pages :  |b illustrations ;  |c 25 cm. 
336 |a text  |2 rdacontent  |b txt 
337 |a unmediated  |2 rdamedia 
338 |a volume  |2 rdacarrier  |b nc 
490 1 |a NATO security through science series. E, Human and societal dynamics,  |x 1574-5597 ;  |v v. 20 
500 |a "Published in cooperation with NATO Public Diplomacy Division." 
500 |a "Proceedings of the NATO Advanced Study Institute on Strengthening National Public Health Preparedness and Response to Chemical, Biological and Radiological Agent Threats, Skopje, Republic of Macedonia, 19-29 June 2006."--Title page verso. 
504 |a Includes bibliographical references and index. 
650 0 |a Chemical terrorism  |x Health aspects  |v Congresses. 
650 0 |a Bioterrorism  |x Health aspects  |v Congresses. 
650 0 |a Emergency management  |v Congresses. 
650 0 |a Disaster medicine  |x Government policy  |v Congresses. 
650 0 |a Emergency medical services  |x Government policy  |v Congresses. 
650 2 |a Bioterrorism. 
650 2 |a Disaster Planning. 
650 2 |a Biological Warfare. 
650 2 |a Emergency Medicine. 
650 2 |a Terrorism. 
655 2 |a Congresses. 
700 1 |a Cummings, C. E.  |q (Curtis E.) 
700 1 |a Stikova, E.  |q (Elisaveta) 
710 2 |a North Atlantic Treaty Organization.  |b Public Diplomacy Division. 
830 0 |a NATO security through science series.  |n E,  |p Human and societal dynamics.  |x 1574-5597 ;  |v v. 20. 
999 |a MARS 
999 f f |s 565cb7aa-dab1-39b2-9cae-eb6c342c875d  |i d394cce0-1604-3fc7-b4d1-61833bdfed97  |t 0 
952 f f |p ric  |a Texas A&M University  |b Rellis Campus  |c Joint Library Facility  |d Remote Storage  |t 0  |e WA 295 N279s 2007  |h National Library of Medicine classification  |i unmediated -- volume  |m 3238902029173 
998 f f |a WA 295 N279s 2007  |t 0  |l Remote Storage